000 00566nam a2200169Ia 4500
999 _c292
_d292
003 OSt
005 20210826120727.0
008 190216s9999||||xx |||||||||||||| ||und||
040 _coclc
082 _a297.122594812
_bALA/T
100 _aAla Moudoodi, Moulana Sayyid Abdul
_98696
245 0 _aThafheemul Quran :
_bSoorathul Anfal And Athouba /
_cMoulana Sayyid Abdul Ala Moudoodi
260 _bIslamic Publishing House,
_aKozhikode:
_c1983.
300 _a271p
650 _aArabic
942 _cBK
_2ddc
_h297.122594812
_iALA/T
_k297.122594812
_mALA/T